[Event "2010 Standard Chess Dropout Tournament, Round 2"]
[Site "SchemingMind.com"]
[Date "2010.03.03"]
[Round "2"]
[White "Saiidcd"]
[Black "andu"]
[Result "1-0"]
[WhiteCountry "LBN"]
[BlackCountry "AUT"]
[WhiteElo "2332"]
[WhiteRD "86"]
[BlackElo "2106"]
[BlackRD "65"]
[GameID "240682"]

1. e4 c5 2. Nf3 Nc6 3. d4 cxd4 4. Nxd4 Nf6 5. Nc3 d6 6. Bg5 Bd7 7. Qd2 Nxd4 8. Qxd4 Qa5 9. Bd2 e5 10. Qd3 Rc8
11. O-O-O b5 12. a3 b4 13. axb4 Qa1+ 14. Nb1 Qa4 15. Na3 Be7 16. Kb1 O-O 17. h4 d5 18. exd5 Bxb4 19. Bxb4 Qxb4 20. f3 Rc5
21. Qd2 Qa4 22. c4 Rb8 23. Ka1 Rb3 24. Bd3 Rc8 25. Ka2 Rcb8 26. Rb1 Qa6 27. Bc2 R3b7 28. g4 Rc7 29. g5 Nh5 30. Rhe1 Qd6
31. Qc3 Re8 32. Be4 Ng3 33. Re3 Kh8 34. b4 f5 35. c5 Qe7 36. Nc4 Nxe4 37. fxe4 f4 38. Rf3 a5 39. Nxa5 Ra7 40. Kb2 Bb5
41. Ra1 Rea8 42. d6 Qe6 43. Qd2 Bc6 44. Qe2 Be8 45. Rfa3 Rb8 46. Qc4 Qg4 47. c6 Qg2+ 48. Kc3 Qf2 49. Rd1
1-0

[Event "2010 Standard Chess Dropout Tournament, Round 2"]
[Site "SchemingMind.com"]
[Date "2010.03.02"]
[Round "2"]
[White "saxon"]
[Black "michalis"]
[Result "1-0"]
[WhiteCountry "GER"]
[BlackCountry "GRE"]
[WhiteElo "2423"]
[WhiteRD "102"]
[BlackElo "1965"]
[BlackRD "74"]
[GameID "240683"]

1. e4 c5 2. Nf3 d6 3. d4 cxd4 4. Nxd4 Nf6 5. Nc3 a6 6. Bg5 e6 7. f4 Be7 8. Qf3 Qc7 9. O-O-O Nbd7 10. Bd3 b5
11. Rhe1 Bb7 12. Qg3 b4 13. Nd5 exd5 14. exd5 Kd8 15. Nc6+ Bxc6 16. dxc6 Nc5 17. Bh4 Rg8 18. Bxh7 Rh8 19. Qxg7 Rxh7 20. Qxf6 Rxh4
21. Qxf7 Rh8 22. Re5 Na4 23. Re3 Rh7 24. Qg8+
1-0

[Event "2010 Standard Chess Dropout Tournament, Round 2"]
[Site "SchemingMind.com"]
[Date "2010.03.03"]
[Round "2"]
[White "Stephen Cade"]
[Black "n_antonov"]
[Result "1/2-1/2"]
[WhiteCountry "ENG"]
[BlackCountry "BUL"]
[WhiteElo "2276"]
[WhiteRD "120"]
[BlackElo "2283"]
[BlackRD "84"]
[GameID "240684"]

1. e4 c5 2. Nf3 d6 3. d4 cxd4 4. Nxd4 Nf6 5. Nc3 a6 6. Be3 e5 7. Nb3 Be6 8. f3 Nbd7 9. Qd2 b5 10. O-O-O Be7
11. g4 b4 12. Nd5 Bxd5 13. exd5 Nb6 14. Na5 Nbxd5 15. Nc6 Qc7 16. Nxb4 Nxb4 17. Qxb4 O-O 18. Qb6 Qc8 19. g5 Nd7 20. Qa5 Rb8
21. Qxa6 Qc7 22. Qd3 Nc5 23. Qd5 Rfc8 24. Bxc5 Bxg5+ 25. Kb1 dxc5 26. Bc4 Rd8 27. Qe4 Rd4 28. Qe2 Rbd8 29. c3 Rd2 30. Rxd2 Rxd2
31. Qe4 Bf4 32. h4 Qb6 33. Qa8+ Rd8=
1/2-1/2

[Event "2010 Standard Chess Dropout Tournament, Round 2"]
[Site "SchemingMind.com"]
[Date "2010.03.03"]
[Round "2"]
[White "sibelius"]
[Black "Gordon"]
[Result "0-1"]
[WhiteCountry "USA"]
[BlackCountry "ENG"]
[WhiteElo "2259"]
[WhiteRD "78"]
[BlackElo "2389"]
[BlackRD "99"]
[GameID "240685"]

1. e4 e6 2. d4 d5 3. Nc3 Nf6 4. Bg5 Bb4 5. e5 h6 6. Bd2 Bxc3 7. bxc3 Ne4 8. Qg4 g6 9. Nf3 c5 10. Bb5+ Bd7
11. Bd3 Nxd2 12. Nxd2 Qa5 13. Rb1 Nc6 14. dxc5 Qxc3 15. Rxb7 Rb8 16. Rxb8+ Nxb8 17. Qe2 Qa1+ 18. Qd1 Qxe5+ 19. Qe2 Qa1+ 20. Qd1 Qxd1+
21. Kxd1 Ke7 22. Ke2 Rc8 23. Rb1 Bc6 24. Ke3 Nd7 25. Nb3 e5 26. Kd2 d4 27. Re1 Kf6 28. f3 Bd5 29. c6 Rxc6 30. Bb5 Rc7
31. Bxd7 Rxd7 32. Nc5 Rd8 33. Nd3 Re8 34. a3 Kf5 35. Rb1 Bc6 36. Rb4 Rc8 37. Rc4 Bd7 38. Rxc8 Bxc8 39. Nc5 Be6 40. Kd3 Bd5
41. c3 dxc3 42. Kxc3 e4 43. fxe4+ Bxe4 44. g3 Bc6 45. Nd3 Ke4 46. Kd2 f5 47. Nf4 g5 48. Ng6 Bb5 49. Ne7 f4 50. gxf4 gxf4
51. Ke1 Kf3 52. Nf5 Bd7 53. Nh4+ Ke3 54. Ng2+ Ke4 55. Kf2 a5 56. Nh4 a4 57. Ng6 Bg4 58. Ne7 Kd3 59. Nd5 Kc4 60. Nxf4 Kb3
61. Nd3 Kxa3 62. Ke3 Kb3 63. Nc5+ Kb4 64. Nxa4 Kxa4 65. Kf4 h5 66. Ke3 Kb4 67. Kd4 Bd1 68. Kd3 Kc5 69. Ke4 Bc2+ 70. Ke5 Kc4
71. Kf4 Kd4 72. h3 Bd1 73. h4 Bg4 74. Kg5 Ke5 75. Kg6 Kf4
0-1

[Event "2010 Standard Chess Dropout Tournament, Round 2"]
[Site "SchemingMind.com"]
[Date "2010.03.06"]
[Round "2"]
[White "simon_w"]
[Black "John M. Sargent"]
[Result "0-1"]
[WhiteCountry "IRL"]
[BlackCountry "ENG"]
[WhiteElo "1896"]
[WhiteRD "73"]
[BlackElo "2308"]
[BlackRD "95"]
[GameID "240686"]

1. e4 c5 2. Nf3 Nc6 3. d4 cxd4 4. Nxd4 e5 5. Nb5 d6 6. N1c3 a6 7. Na3 b5 8. Nd5 Nf6 9. Bg5 Be7 10. Bxf6 Bxf6
11. c4 b4 12. Nc2 O-O 13. Be2 Bg5 14. O-O Be6 15. h3 Rb8 16. b3 Qd7 17. Bg4 a5 18. Qe2 g6 19. Bxe6 fxe6 20. Nde3 Bd8
21. Rad1 Bb6 22. Rd2 Ra8 23. Ng4 a4 24. Qd3 Bc5 25. Kh1 Qe7 26. f3 Qg5 27. Nge3 axb3 28. axb3 Ra2 29. Rfd1 Rfa8 30. Qe2 Rb2
0-1

[Event "2010 Standard Chess Dropout Tournament, Round 2"]
[Site "SchemingMind.com"]
[Date "2010.03.03"]
[Round "2"]
[White "slotheman"]
[Black "Trener"]
[Result "0-1"]
[WhiteCountry "USA"]
[BlackCountry "PAR"]
[WhiteElo "1627"]
[WhiteRD "101"]
[BlackElo "2161"]
[BlackRD "113"]
[GameID "240687"]

1. e4 c5 2. Nc3 e6 3. f4 Nc6 4. Nf3 d5 5. Bb5 Ne7 6. exd5 exd5 7. Qe2 Bg4 8. Bxc6+ bxc6 9. O-O Qb6 10. d3 O-O-O
11. Be3 d4 12. Na4 Qb4 13. b3 dxe3 14. Qxe3 Nd5 15. Qe5 Bd6 16. Qg5 Bxf3 17. Rxf3 Qd4+ 18. Kh1 Qxa1+
0-1

[Event "2010 Standard Chess Dropout Tournament, Round 2"]
[Site "SchemingMind.com"]
[Date "2010.03.02"]
[Round "2"]
[White "soundso"]
[Black "Exal Garcia-Carrillo"]
[Result "1-0"]
[WhiteCountry "USA"]
[BlackCountry "MEX"]
[WhiteElo "1774"]
[WhiteRD "82"]
[BlackElo "1854"]
[BlackRD "90"]
[GameID "240688"]

1. d4 Nf6 2. c4 d6 3. Nf3 g6 4. Nc3 Bg7 5. Bg5 O-O 6. e4 h6 7. Bh4 Nbd7 8. Be2 e5 9. d5 c6 10. O-O Qb6
11. Qc2 c5 12. b3 Qa5 13. Nb5 Qa6 14. Nc7
1-0

[Event "2010 Standard Chess Dropout Tournament, Round 2"]
[Site "SchemingMind.com"]
[Date "2010.03.03"]
[Round "2"]
[White "Spohn"]
[Black "Ursus"]
[Result "1-0"]
[WhiteCountry "USA"]
[BlackCountry "INT"]
[WhiteElo "1964"]
[WhiteRD "97"]
[BlackElo "1749"]
[BlackRD "92"]
[GameID "240689"]

1. e4 e5 2. f4 exf4 3. Nf3 d6 4. d4 g5 5. Bc4 h6 6. O-O Bg7 7. c3 Nc6 8. Qb3 Qe7 9. Nbd2 g4 10. Ne1 Qf6
11. Nd3 f3 12. Nxf3 gxf3 13. Rxf3 Qh4 14. Bxf7+ Kd8 15. Bxg8 Bg4 16. Rg3 Bxd4+ 17. Kh1 Bb6 18. Qf7 Ne5 19. Nxe5 dxe5 20. Qg7
1-0

[Event "2010 Standard Chess Dropout Tournament, Round 2"]
[Site "SchemingMind.com"]
[Date "2010.03.07"]
[Round "2"]
[White "startstek"]
[Black "simon_w"]
[Result "1-0"]
[WhiteCountry "ALG"]
[BlackCountry "IRL"]
[WhiteElo "1999"]
[WhiteRD "83"]
[BlackElo "1896"]
[BlackRD "73"]
[GameID "240690"]

1. e4 c5 2. Nf3 Nc6 3. d4 cxd4 4. Nxd4 e6 5. Nc3 d6 6. Be3 Nf6 7. f3 Be7 8. Qd2 O-O 9. O-O-O a6 10. g4 Nxd4
11. Bxd4 b5 12. g5 Nd7 13. h4 b4 14. Na4 Qa5 15. b3 Nc5 16. a3 Qc7 17. Qxb4 Bd7 18. Qb6 Qc8 19. Nxc5 dxc5 20. Bb2 Qc6
21. Qa5 Rfd8 22. Qc3 Bf8 23. h5 Qc7 24. h6 Qf4+ 25. Kb1 Qxg5 26. Bb5 Bxb5 27. Rdg1
1-0

[Event "2010 Standard Chess Dropout Tournament, Round 2"]
[Site "SchemingMind.com"]
[Date "2010.03.07"]
[Round "2"]
[White "sthorwall"]
[Black "wilfried"]
[Result "0-1"]
[WhiteCountry "USA"]
[BlackCountry "GER"]
[WhiteElo "2131"]
[WhiteRD "81"]
[BlackElo "2425"]
[BlackRD "116"]
[GameID "240691"]

1. e4 c5 2. Nf3 Nc6 3. d4 cxd4 4. Nxd4 Nf6 5. Nc3 e5 6. Ndb5 d6 7. Bg5 a6 8. Na3 b5 9. Nd5 Be7 10. Bxf6 Bxf6
11. c4 b4 12. Nc2 O-O 13. Be2 Bg5 14. O-O Rb8 15. Qd3 a5 16. Rad1 Be6 17. b3 Rb7 18. Bf3 a4 19. g3 Qa5 20. Bg2 Qc5
21. Kh1 Bxd5 22. Qxd5 Be7 23. Ne3 g6 24. Qd3 Ra8 25. f4 axb3 26. axb3 Ra2 27. Ng4 Rba7 28. Nh6+ Kg7 29. Nxf7 Kxf7 30. fxe5+ Kg7
31. exd6 Ne5 32. Qd5 Qxd5 33. Rxd5 Bf6 34. Bh3 Rb2 35. d7 Nf7 36. e5 Be7 37. e6 Nd8 38. Re1 Raa2 39. Bf1 Rxb3 40. Rb5 Rbb2
41. h4 b3 42. g4 Nc6
0-1

[Event "2010 Standard Chess Dropout Tournament, Round 2"]
[Site "SchemingMind.com"]
[Date "2010.03.03"]
[Round "2"]
[White "talobsessed"]
[Black "Stephen Cade"]
[Result "1/2-1/2"]
[WhiteCountry "SWE"]
[BlackCountry "ENG"]
[WhiteElo "2289"]
[WhiteRD "82"]
[BlackElo "2286"]
[BlackRD "114"]
[GameID "240692"]

1. e4 c5 2. Nf3 d6 3. d4 cxd4 4. Nxd4 Nf6 5. Nc3 a6 6. Bg5 e6 7. f4 Qb6 8. Qd2 Nc6 9. O-O-O Qxd4 10. Qxd4 Nxd4
11. Rxd4 Be7 12. Be2 Bd7 13. Bf3 Bc6 14. Rhd1 h6 15. Bxf6 gxf6 16. Bh5 Rg8 17. g3 b5 18. a3 Kf8 19. Be2 Rb8 20. R4d2 Kg7
21. f5 b4 22. axb4 Rxb4 23. fxe6 fxe6 24. Rxd6 Bxd6 25. Rxd6 Bxe4 26. Rxe6 Bb7 27. Bxa6 Bxa6 28. Rxa6 Rd8 29. Ra7+ Kg6 30. Ne2 Re4
31. Nf4+ Kf5 32. b3 Re1+ 33. Kb2 Rd2 34. h3 Re3 35. Rg7 Re8 36. Rc7 Re3 37. Rc5+ Ke4 38. Nh5 Rd6= 39. Rc4+ Ke5 40. Rc8 Kf5
41. g4+ Ke5 42. Re8+ Kd4 43. Rxe3 Kxe3 44. c4 Rd2+ 45. Ka3=
1/2-1/2

[Event "2010 Standard Chess Dropout Tournament, Round 2"]
[Site "SchemingMind.com"]
[Date "2010.03.07"]
[Round "2"]
[White "teban2008"]
[Black "soundso"]
[Result "0-1"]
[WhiteCountry "CAN"]
[BlackCountry "USA"]
[WhiteElo "1752"]
[WhiteRD "106"]
[BlackElo "1769"]
[BlackRD "80"]
[GameID "240693"]

1. c4 g6 2. e4 e5 3. Nc3 Nf6 4. Nf3 Nc6 5. a3 Bg7 6. h3 O-O 7. g4 Re8 8. b4 Nd4 9. g5 Nh5 10. d3 d6
11. Nxd4 exd4 12. Nd5 c6 13. Nf4 Nxf4 14. Bxf4 Be5 15. Bg3 Bxg3 16. fxg3 Qxg5 17. Qf3 c5 18. Be2 f5 19. h4 fxe4
0-1

[Event "2010 Standard Chess Dropout Tournament, Round 2"]
[Site "SchemingMind.com"]
[Date "2010.03.03"]
[Round "2"]
[White "tecamac"]
[Black "chesshub"]
[Result "0-1"]
[WhiteCountry "FRA"]
[BlackCountry "FRA"]
[WhiteElo "1646"]
[WhiteRD "90"]
[BlackElo "2444"]
[BlackRD "67"]
[GameID "240694"]

1. e4 e5 2. Nf3 Nc6 3. Bc4 Bc5 4. d3 Nf6 5. Be3 Bb6 6. c3 d5 7. Bxd5 Nxd5 8. exd5 Qxd5 9. c4 Qd6 10. O-O Bf5
11. Ne1 O-O 12. Nc3 Rad8 13. Nd5 Be6 14. Nxb6 axb6 15. Qf3 f5 16. Bd2 Bxc4 17. dxc4 Qxd2 18. Qc3 Qxc3 19. bxc3 Na5 20. Nf3 Nxc4
21. Rab1 Rd3 22. Rb5 c5 23. Rc1 Ra8 24. Rb2 Nxb2
0-1

[Event "2010 Standard Chess Dropout Tournament, Round 2"]
[Site "SchemingMind.com"]
[Date "2010.03.03"]
[Round "2"]
[White "The Stonewall"]
[Black "khayman"]
[Result "0-1"]
[WhiteCountry "ENG"]
[BlackCountry "ENG"]
[WhiteElo "2220"]
[WhiteRD "86"]
[BlackElo "2333"]
[BlackRD "100"]
[GameID "240695"]

1. d4 e6 2. g3 d5 3. c4 c6 4. Bg2 Nf6 5. Qc2 Nbd7 6. Nf3 Be7 7. Nbd2 O-O 8. O-O b6 9. e4 Bb7 10. e5 Ne8
11. Re1 Nc7 12. Nb3 dxc4 13. Qxc4 Nd5 14. Bd2 a5 15. a4 h6 16. Rad1 Qc7 17. Qc2 Rac8 18. Qe4 c5 19. Qg4 Kh7 20. dxc5 Nxc5
21. Nxc5 Bxc5 22. Nd4 f5 23. Qh4 Qd7 24. Nb5 Bc6 25. Bf1 f4 26. gxf4 g5 27. Qh5 Qg7 28. Bd3+ Kh8 29. f5 exf5 30. Qh3 Nf4
31. Qg3 Nh5 32. Qh3 g4 33. Qxh5 g3 34. Qxh6+ Qxh6 35. Bxh6 gxf2+ 36. Kf1 fxe1=Q+ 37. Kxe1 Rg8 38. Bxf5 Rce8 39. e6 Rg1+ 40. Ke2 Rg2+
41. Ke1 Rxh2 42. Bg5 Rf8 43. Rd8 Kg7 44. Rxf8 Kxf8 45. Bf6 Bf2+ 46. Kd1 Bc5 47. Ke1 Be7 48. Bd4 Bxb5 49. axb5 Bb4+ 50. Kf1 Bc5
0-1

[Event "2010 Standard Chess Dropout Tournament, Round 2"]
[Site "SchemingMind.com"]
[Date "2010.03.03"]
[Round "2"]
[White "thebirdolux"]
[Black "slotheman"]
[Result "1-0"]
[WhiteCountry "USA"]
[BlackCountry "USA"]
[WhiteElo "2484"]
[WhiteRD "86"]
[BlackElo "1626"]
[BlackRD "106"]
[GameID "240696"]

1. d4 Nf6 2. c4 g6 3. Nc3 Bg7 4. e4 d6 5. Nf3 O-O 6. Be2 e5 7. Be3 Nbd7 8. Qd2 Ng4 9. Bg5 f6 10. Bh4 Nh6
11. dxe5 dxe5 12. O-O Nf7 13. b4 Qe7 14. Nd5 Qd6 15. c5 Nxc5 16. bxc5 Qxc5 17. Rac1 Qd6 18. Rxc7 g5 19. Bg3 Re8 20. Rb1 b6
21. Nd4 Bd7 22. Bh5 f5 23. Bxf7+ Kxf7 24. Nxf5 Qe6 25. Qxg5 Bh8 26. Nh6+ Kf8 27. Rxd7 Rad8 28. Rxh7 Rxd5 29. Rxh8+
1-0

[Event "2010 Standard Chess Dropout Tournament, Round 2"]
[Site "SchemingMind.com"]
[Date "2010.03.02"]
[Round "2"]
[White "thefriediceman"]
[Black "Midlander"]
[Result "0-1"]
[WhiteCountry "USA"]
[BlackCountry "ENG"]
[WhiteElo "1871"]
[WhiteRD "84"]
[BlackElo "2247"]
[BlackRD "75"]
[GameID "240697"]

1. e4 c5 2. Nf3 Nc6 3. d4 cxd4 4. Nxd4 Nf6 5. Nc3 e6 6. Ndb5 Bb4 7. a3 Bxc3+ 8. Nxc3 d5 9. exd5 exd5 10. Bd3 O-O
11. O-O d4 12. Ne2 Bg4 13. f3 Bh5 14. b4 Nd5 15. Nf4 Bg6 16. Nxd5 Qxd5 17. Bb2 Rfe8 18. b5 Bxd3 19. Qxd3 Re3 20. Qd2 Qxb5
21. Bxd4 Re2 22. Qc3 Nxd4 23. Qxd4 Rxc2 24. Rab1 Qg5 25. Rf2 Rxf2 26. Qxf2 b6 27. Qc2 Qe3+ 28. Kh1 Qxa3 29. Qc6 Rd8 30. Qc7 Qd6
31. Qc2 g6 32. h3 Kg7 33. Qb2+ Qf6 34. Qa3 a5 35. Qe3 Rd4 36. Qf2 a4 37. Qa2 Qd6 38. Qb2 a3 39. Qb3 Rd2 40. Ra1 a2
41. Qc3+ f6 42. Qb3 Qg3
0-1

[Event "2010 Standard Chess Dropout Tournament, Round 2"]
[Site "SchemingMind.com"]
[Date "2010.03.05"]
[Round "2"]
[White "Theodoric"]
[Black "Manfred Kraut"]
[Result "1-0"]
[WhiteCountry "ENG"]
[BlackCountry "GER"]
[WhiteElo "1958"]
[WhiteRD "71"]
[BlackElo "1365"]
[BlackRD "72"]
[GameID "240698"]

1. e4 c5 2. c3 Nc6 3. Bb5 a6 4. Bxc6 bxc6 5. Nf3 g6 6. O-O Bg7 7. Qb3 d6 8. d3 Nf6 9. Nbd2 O-O 10. e5 dxe5
11. Nxe5 Be6 12. Qa4 Qd6 13. Ndf3 Rfc8 14. Qh4 Nh5 15. Nc4 Bxc4 16. dxc4 a5 17. Re1 e6 18. Be3 Rab8 19. Rad1 Qc7 20. Rd2 a4
21. Bxc5 Bf6 22. Qe4 Bg7 23. Bd6 Nf6 24. Qc2 Qb7 25. Bxb8 Rxb8 26. Qxa4 c5 27. b3 Ne4 28. Rd7
1-0

[Event "2010 Standard Chess Dropout Tournament, Round 2"]
[Site "SchemingMind.com"]
[Date "2010.03.05"]
[Round "2"]
[White "TONYTODD11"]
[Black "Spohn"]
[Result "0-1"]
[WhiteCountry "ENG"]
[BlackCountry "USA"]
[WhiteElo "1440"]
[WhiteRD "75"]
[BlackElo "1969"]
[BlackRD "94"]
[GameID "240699"]

1. e4 c5 2. d4 cxd4 3. c3 dxc3 4. Nxc3 Nc6 5. Nf3 e6 6. Bd3 Bc5 7. Qc2 Nge7 8. Nd5 Bb4+ 9. Nxb4 Nxb4 10. Qc3 Nxd3+
11. Qxd3 O-O 12. O-O d5 13. Rd1 b6 14. Ng5 h6 15. Qg3 hxg5 16. Bxg5 f6 17. Bh6 Rf7 18. Bf4 Bb7 19. Rac1 Rc8 20. Bc7 Qd7
21. f3 Nc6 22. Bf4 e5 23. Bd2 d4 24. h4 d3
0-1

[Event "2010 Standard Chess Dropout Tournament, Round 2"]
[Site "SchemingMind.com"]
[Date "2010.03.07"]
[Round "2"]
[White "Trener"]
[Black "thefriediceman"]
[Result "1-0"]
[WhiteCountry "PAR"]
[BlackCountry "USA"]
[WhiteElo "2230"]
[WhiteRD "107"]
[BlackElo "1871"]
[BlackRD "84"]
[GameID "240700"]

1. e4 e5 2. Nf3 Nc6 3. Bb5 a6 4. Ba4 Nf6 5. O-O Be7 6. Re1 b5 7. Bb3 O-O 8. h3 d6 9. c3 Na5 10. Bc2 c5
11. d4 Qc7 12. Nbd2 cxd4 13. cxd4 Nc6 14. a4 Bd7 15. axb5 axb5 16. Rxa8 Rxa8 17. Nb3 Nb4 18. Bb1 Be6 19. Bd2 Na6 20. Bd3 Bd7
21. Qe2 Qb8 22. Rc1 Ne8 23. dxe5 dxe5 24. Bc3 Bd6 25. Qe3 Be6 26. Na5 Bd7 27. Ra1 b4 28. Bxe5 Bxe5 29. Nxe5 Qxe5 30. Nc4 Qf6
31. e5 Qe7 32. Qe4 Nec7 33. Qxh7+
1-0

[Event "2010 Standard Chess Dropout Tournament, Round 2"]
[Site "SchemingMind.com"]
[Date "2010.03.07"]
[Round "2"]
[White "TRFz"]
[Black "BigB"]
[Result "0-1"]
[WhiteCountry "GBR"]
[BlackCountry "SVK"]
[WhiteElo "2185"]
[WhiteRD "90"]
[BlackElo "2508"]
[BlackRD "81"]
[GameID "240701"]

1. d4 d5 2. c4 c6 3. Nc3 Nf6 4. Nf3 a6 5. c5 Nbd7 6. Bf4 Nh5 7. e3 Nxf4 8. exf4 Qc7 9. Qd2 g6 10. Bd3 Bh6
11. g3 O-O 12. h4 e5 13. Nxe5 Re8 14. Qc2 f6 15. Bxg6 Re7 16. Bxh7+ Kh8 17. Bd3 fxe5 18. fxe5 Nxe5
0-1

[Event "2010 Standard Chess Dropout Tournament, Round 2"]
[Site "SchemingMind.com"]
[Date "2010.03.07"]
[Round "2"]
[White "Ursus"]
[Black "Clive Everill"]
[Result "1-0"]
[WhiteCountry "INT"]
[BlackCountry "CZE"]
[WhiteElo "1768"]
[WhiteRD "90"]
[BlackElo "1682"]
[BlackRD "50"]
[GameID "240702"]

1. e4 a6 2. d4 b5 3. Nf3 Bb7 4. Bd3 e6 5. Bf4 c5 6. c3 c4 7. Bc2 Nf6 8. Nbd2 d5 9. Qe2 Be7 10. O-O O-O
11. Rfe1 Nc6 12. exd5 Nxd5 13. Bg3 Rc8 14. Ne4 b4 15. Rab1 bxc3 16. bxc3 Na5 17. Qd2 h6 18. Ne5 Nc6 19. Rxb7 Nxe5 20. Bxe5 f6
21. Bg3 f5 22. Nc5 Bxc5 23. dxc5 Rxc5 24. Rxe6 f4 25. Rxg7+ Kxg7 26. Qd4+ Kf7 27. Qe4 Qg5 28. Bh4 Qg7 29. Rg6 Qxc3 30. Qe6#
1-0

[Event "2010 Standard Chess Dropout Tournament, Round 2"]
[Site "SchemingMind.com"]
[Date "2010.03.05"]
[Round "2"]
[White "Uzi Mike"]
[Black "memet"]
[Result "1-0"]
[WhiteCountry "USA"]
[BlackCountry "TUR"]
[WhiteElo "2254"]
[WhiteRD "87"]
[BlackElo "1571"]
[BlackRD "69"]
[GameID "240703"]

1. d4 d5 2. c4 Nf6 3. cxd5 Nxd5 4. e4 Nb6 5. Nc3 e6 6. Nf3 Bb4 7. a3 Be7 8. Be3 O-O 9. Bd3 a5 10. Qc2 Nc6
11. O-O Nd7 12. Nb5 Nb6 13. Rad1 Bd7 14. d5 exd5 15. exd5 Nxd5 16. Bxh7+ Kh8 17. Rxd5 Qe8 18. Rh5 g6 19. Bxg6+ Kg7 20. Bh6+ Kf6
21. Rf5+ Kxg6 22. Rg5+ Kxh6 23. Rh5+ Kxh5 24. Qh7+ Kg4 25. h3+ Kf4 26. g3+
1-0

[Event "2010 Standard Chess Dropout Tournament, Round 2"]
[Site "SchemingMind.com"]
[Date "2010.03.02"]
[Round "2"]
[White "Valiantangel"]
[Black "palszab"]
[Result "1-0"]
[WhiteCountry "SGP"]
[BlackCountry "HUN"]
[WhiteElo "1798"]
[WhiteRD "71"]
[BlackElo "1801"]
[BlackRD "91"]
[GameID "240704"]

1. d4 d5 2. c4 e6 3. Nf3 Nf6 4. Nc3 Be7 5. Bg5 O-O 6. e3 Nbd7 7. cxd5 exd5 8. Bd3 c6 9. Qc2 h6 10. Bh4 Nh5
11. Bxe7 Qxe7 12. O-O Re8 13. Rab1 Nhf6 14. b4 a6 15. a4 b5 16. a5 Ne4 17. Nd2 Nxd2 18. Qxd2 Nf6 19. Rfc1 Bd7 20. Ne2
1-0

[Event "2010 Standard Chess Dropout Tournament, Round 2"]
[Site "SchemingMind.com"]
[Date "2010.03.02"]
[Round "2"]
[White "wayder"]
[Black "joralx3"]
[Result "0-1"]
[WhiteCountry "USA"]
[BlackCountry "ARG"]
[WhiteElo "1956"]
[WhiteRD "88"]
[BlackElo "2543"]
[BlackRD "105"]
[GameID "240705"]

1. d4 Nf6 2. c4 g6 3. Nc3 Bg7 4. g3 O-O 5. Bg2 d6 6. e4 e5 7. d5 c6 8. Nge2 a5 9. Be3 Ng4 10. O-O Nxe3
11. fxe3 Bh6 12. Qd3 Qb6 13. Nd1 cxd5 14. exd5 Na6 15. b3 f5 16. Kh1 Nc5 17. Qc3 Qb4 18. Qxb4 axb4 19. h4 Nxb3
0-1

[Event "2010 Standard Chess Dropout Tournament, Round 2"]
[Site "SchemingMind.com"]
[Date "2010.03.07"]
[Round "2"]
[White "wilfried"]
[Black "Black Five"]
[Result "1-0"]
[WhiteCountry "GER"]
[BlackCountry "WLS"]
[WhiteElo "2415"]
[WhiteRD "117"]
[BlackElo "1812"]
[BlackRD "116"]
[GameID "240706"]

1. d4 d5 2. c4 e6 3. Nf3 Nf6 4. Nc3 Be7 5. g3 O-O 6. Bg2 dxc4 7. Ne5 c6 8. O-O Nbd7 9. Nxc4 Nd5 10. e4 N5b6
11. Ne3 Nf6 12. b3 Bb4 13. Bb2 Qe7 14. a3 Bxc3 15. Bxc3 Rd8 16. Qe2 Bd7 17. Bb4 Qe8 18. a4 e5 19. dxe5 Qxe5 20. a5 Nc8
21. Rad1 Re8 22. f4 Qb5 23. Qxb5 cxb5 24. e5 Ng4 25. Rxd7 Nxe3 26. Bxb7 Nxf1 27. Bxa8 Ne3 28. Bc6 a6 29. Rd2
1-0

[Event "2010 Standard Chess Dropout Tournament, Round 2"]
[Site "SchemingMind.com"]
[Date "2010.03.07"]
[Round "2"]
[White "willygor"]
[Black "Buckaroo Bob"]
[Result "0-1"]
[WhiteCountry "ARG"]
[BlackCountry "USA"]
[WhiteElo "1862"]
[WhiteRD "89"]
[BlackElo "1953"]
[BlackRD "84"]
[GameID "240707"]

1. e4 c5 2. f4 e6 3. Nf3 d5 4. e5 Nc6 5. Bb5 Nh6 6. d3 Qa5+ 7. Nc3 d4 8. Bxc6+ bxc6 9. Bd2 dxc3 10. Bxc3 Qb6
11. O-O Nf5 12. Qe2 Nd4 13. Bxd4 cxd4 14. b3 Bb4 15. Ng5 h6 16. Ne4 Be7 17. Qg4 Rg8 18. a4 a5 19. Rf2 Bd7 20. Nd2 O-O-O
21. Nc4 Qa7 22. Qh5 Rdf8 23. Qe2 g5 24. fxg5 Rxg5 25. Raf1 Be8 26. Qe4 Bb4 27. Rf6 Rh8 28. Qf4 Rhg8 29. Rf2 Bf8 30. Qd2 Bg7
31. Rxf7 Bxf7 32. Nd6+ Kb8 33. Rxf7 Qc5 34. Ne4 Qxe5 35. Nxg5 hxg5 36. b4 Qe3+ 37. Qf2 axb4 38. Qxe3 dxe3 39. Re7 Bd4
0-1

[Event "2010 Standard Chess Dropout Tournament, Round 2"]
[Site "SchemingMind.com"]
[Date "2010.03.03"]
[Round "2"]
[White "Wolli"]
[Black "agarr"]
[Result "0-1"]
[WhiteCountry "GER"]
[BlackCountry "RUS"]
[WhiteElo "1796"]
[WhiteRD "92"]
[BlackElo "1770"]
[BlackRD "83"]
[GameID "240708"]

1. c4 e5 2. g3 c6 3. Bg2 d5 4. cxd5 cxd5 5. d4 exd4 6. Qxd4 Be6 7. Nc3 Nc6 8. Qa4 Nf6 9. Nf3 Bd6 10. O-O O-O
11. Nd4 Nxd4 12. Qxd4 b6 13. Bg5 Be7 14. Rfd1 h6 15. Bf4 Bc5 16. Qe5 Ng4 17. Qh5 Bxf2+
0-1

[Event "2010 Standard Chess Dropout Tournament, Round 2"]
[Site "SchemingMind.com"]
[Date "2010.03.03"]
[Round "2"]
[White "Zerstörer"]
[Black "lemmie"]
[Result "1/2-1/2"]
[WhiteCountry "ITA"]
[BlackCountry "NED"]
[WhiteElo "1886"]
[WhiteRD "95"]
[BlackElo "1619"]
[BlackRD "54"]
[GameID "240709"]

1. e4 e5 2. Nf3 Nc6 3. Bb5 Nge7 4. O-O a6 5. Ba4 b5 6. Bb3 Bb7 7. a4 g6 8. d3 Bg7 9. Bd2 O-O 10. Nc3 d6
11. Qe2 Na5 12. Ba2 Nac6 13. axb5 axb5 14. Nxb5 Ba6 15. Bc4 Bxb5 16. Bxb5 Qb8 17. Bxc6 Nxc6 18. b3 Rxa1 19. Rxa1 Nb4 20. Bxb4 Qxb4
21. Qd2 Qb6 22. Qa5 Qxa5 23. Rxa5 Rc8 24. Nd2 Bh6 25. Nc4 Kf8 26. Kf1 Bg5 27. Ke2 Bd8 28. Ra7 h5= 29. b4 Rb8 30. c3 Ke7
31. Ra6 f6= 32. Kf3 Rc8 33. Na5 Kd7 34. g4 hxg4+ 35. Kxg4 Be7 36. Nc4=
1/2-1/2

[Event "2010 Standard Chess Dropout Tournament, Round 3"]
[Site "SchemingMind.com"]
[Date "2010.07.31"]
[Round "3"]
[White "agarr"]
[Black "khayman"]
[Result "0-1"]
[WhiteCountry "RUS"]
[BlackCountry "ENG"]
[WhiteElo "1794"]
[WhiteRD "90"]
[BlackElo "2350"]
[BlackRD "104"]
[GameID "255895"]

1. e4 e5 2. Nf3 Nf6 3. Nc3 Nc6 4. Bc4 Bb4 5. O-O Bxc3 6. dxc3 h6 7. Bd5 d6 8. h3 O-O 9. Re1 Ne7 10. b4 Nexd5
11. exd5 Bf5 12. Nh4 Bh7 13. c4 Nxd5 14. Qxd5 Qxh4 15. c3 Rfd8 16. Qxb7 Qxc4 17. Bb2 a5 18. Rec1 Be4
0-1